[Event "Santander UDI Cup"]
[Site "Santander"]
[Date "2013.06.03"]
[Round "8"]
[White "Cardenas Rodriguez, Danilo"]
[Black "Laguna, Johan Esteban"]
[Result "1-0"]
[WhiteElo "1411"]
[BlackElo "1482"]
[PlyCount "22"]
[EventDate "2013.05.31"]
[EventType "swiss"]
[EventRounds "8"]
[EventCountry "COL"]
[SourceTitle "CBM 154 Extra"]
[Source "ChessBase"]
[SourceDate "2013.06.25"]
[SourceVersion "2"]
[SourceVersionDate "2013.06.25"]
[SourceQuality "1"]

1. d4 d5 2. e3 Nc6 3. c4 Nf6 4. Nf3 Be6 5. c5 b6 6. Nc3 Nb4 7. Bb5+ c6 8. Bd3 Nxd3+ 9. Qxd3 Qc7 10. 0-0 Bf5 11. Qd2 e6 1-0